[Event "Ch Poland (juniors) (under 20) (1/2 final)"]
[Site "masterchessopen.com Poraj (Poland)"]
[Round "7"]
[White "Luch Michal (POL)"]
[Black "Stopa Jacek (POL)"]
[Result "1-0"]
[WhiteElo "2364"]
[BlackElo "2308"]

1.d4 Nf6 2.Nf3 g6 3.g3 Bg7 4.Bg2 O-O 5.O-O d5 6.c4 dxc4 7.Nbd2 b5 8.a4 c6 9.e4
Bb7 10.e5 Nd5 11.Ne4 Na6 12.e6 f5 13.Neg5 Qc8 14.Qe2 h6 15.Nf7 Kh7 16.g4 f4
17.axb5 cxb5 18.Rxa6 Bxa6 19.Nh4 Bf6 20.Nxg6 Bb7 21.Nxf8+ Qxf8 22.Qe4+ Kg7
23.Qf5 {#r} 1-0

[Event "Ch Croatia"]
[Site "masterchessopen.com Rabac (Croatia)"]
[Round "2"]
[White "Fucak Emilijo (CRO)"]
[Black "Brkic Ante (CRO)"]
[Result "0-1"]
[WhiteElo "2318"]
[BlackElo "2454"]

1.Nf3 Nf6 2.g3 d5 3.Bg2 g6 4.d4 Bg7 5.O-O O-O 6.c4 dxc4 7.Na3 c3 8.bxc3 c5
9.Nc4 Be6 10.Nfe5 Bd5 11.Qa4 cxd4 12.Bxd5 Qxd5 13.Rb1 Ne4 14.Qb5 Qxb5 15.Rxb5
Nxc3 16.Rxb7 Nxe2+ 17.Kg2 Rc8 18.Rxe7 Nxc1 19.Rxc1 Bf6 {#R} 0-1

[Event "Ch Romania (knockout system) (w)"]
[Site "masterchessopen.com Satu-Mare (Romania)"]
[Round "1"]
[White "Olarasu Gabriela (ROM)"]
[Black "Munteanu Violeta-Denisa (ROM)"]
[Result "1-0"]
[WhiteElo "2325"]
[BlackElo "2099"]

1.d4 Nf6 2.Nf3 g6 3.g3 Bg7 4.Bg2 O-O 5.O-O d5 6.c4 dxc4 7.Na3 c6 8.Nxc4 Be6
9.Qc2 Bd5 10.Ncd2 h6 11.b3 Na6 12.Bb2 Rc8 13.Bh3 g5 14.Ne5 Rc7 15.e4 Be6
16.Bxe6 fxe6 17.Qc4 Qd6 18.Ng6 Rd8 19.e5 Qd5 20.exf6 Qxc4 21.Nxc4 exf6 22.h4
Kf7 23.h5 Rcd7 24.f4 Kg8 25.fxg5 hxg5 26.Rae1 Nc7 27.Ne3 Kh7 28.Ng4 f5 29.N4e5
Rd5 30.Nf7 R8d7 31.Nxg5+ Kg8 32.Nxe6 Nxe6 33.Rxe6 Kf7 34.Re2 Bf6 35.Ne5+ {#r}
1-0

[Event "It (open)"]
[Site "masterchessopen.com Senden (Germany)"]
[Round "1"]
[White "Dierkes Tobias (GER)"]
[Black "Holzke Frank (GER)"]
[Result "0-1"]
[WhiteElo "2026"]
[BlackElo "2492"]

1.d4 Nf6 2.c4 g6 3.Nf3 Bg7 4.g3 d5 5.Bg2 O-O 6.O-O dxc4 7.Na3 c3 8.bxc3 c5
9.Bb2 Nc6 10.Nc4 Be6 11.Nfe5 Nxe5 12.Nxe5 Bd5 13.f3 Nd7 14.Nxd7 Qxd7 15.e4 Bc4
16.Rf2 Rad8 17.Rd2 f5 18.Bh3 e6 19.Qc2 fxe4 20.fxe4 Bh6 21.d5 Qe7 22.Bxe6+
Qxe6 23.dxe6 Rxd2 24.Qa4 Be3+ 25.Kh1 Be2 {#R} 0-1

[Event "Ch Switzerland (w)"]
[Site "masterchessopen.com Silvaplana (Switzerland)"]
[Round "8"]
[White "Ramseier Jana S (SUI)"]
[Black "Wilson Alexandra (SUI)"]
[Result "1-0"]
[WhiteElo "2193"]
[BlackElo "2070"]

1.d4 Nf6 2.Nf3 g6 3.g3 Bg7 4.Bg2 d5 5.O-O O-O 6.c4 dxc4 7.Na3 c3 8.bxc3 c5
9.e3 Nc6 10.Bb2 Bf5 11.Qe2 e5 12.Nxe5 Nxe5 13.dxe5 Bd3 14.Qd1 Ne8 15.Re1 Bxe5
16.Qb3 Qc7 17.c4 Bxb2 18.Qxb2 Nd6 19.Rac1 Be4 20.Nb5 Qc6 21.f3 Nxc4 22.Rxc4
Bd3 23.Nd4 Qb6 24.Qxb6 axb6 25.Rc3 cxd4 26.Rxd3 dxe3 27.a3 Rfc8 28.f4 Rc2
29.Bxb7 Ra5 30.Rdxe3 Rh5 31.R1e2 {#r} 1-0

[Event "It (open)"]
[Site "masterchessopen.com Sitges (Spain)"]
[Round "7"]
[White "Maroto Borras Jose Luis (ESP)"]
[Black "Alonso Salvador (ARG)"]
[Result "0-1"]
[WhiteElo "2205"]
[BlackElo "2467"]

1.d4 Nf6 2.g3 g6 3.Bg2 d5 4.Nf3 Bg7 5.O-O O-O 6.c4 dxc4 7.Na3 Nc6 8.Nxc4 Be6
9.b3 a5 10.Bb2 Bd5 11.Rc1 a4 12.bxa4 Ra6 13.Re1 Qa8 14.Nfe5 Bxg2 15.Kxg2 b5
16.d5 Nxe5 17.Nxe5 Nxd5 18.e4 Nf6 19.Qf3 bxa4 20.Rxc7 Qb8 21.Rc2 a3 22.Ba1 Qb7
23.Nd3 Rc8 24.Rxc8+ Qxc8 25.e5 Nd7 26.Rc1 Qb8 27.Qd5 Nf8 28.Nf4 Bh6 29.Rd1
Bxf4 30.gxf4 Ne6 31.Kg3 Qb4 32.Qd2 Qe4 33.Qe3 Qf5 34.Rd5 h5 35.f3 Ra4 36.Bd4
Rc4 {#R} 0-1

[Event "It (open)"]
[Site "masterchessopen.com Winterthur (Switzerland)"]
[Round "3"]
[White "Lehmann Matthias (GER)"]
[Black "Glauser Hansruedi (SUI)"]
[Result "1-0"]
[WhiteElo "2180"]
[BlackElo "2242"]

1.d4 Nf6 2.Nf3 g6 3.g3 Bg7 4.Bg2 d5 5.O-O O-O 6.c4 dxc4 7.Na3 Nc6 8.Nxc4 Be6
9.Nce5 Bd5 10.e3 Qc8 11.Bd2 Rd8 12.Qe2 Nxe5 13.dxe5 Ne4 14.Bb4 Qe6 15.Rac1
Rac8 16.Nd4 Qxe5 17.f4 Qf6 18.Qc2 c5 19.Bxe4 Bxe4 20.Qxe4 Rxd4 21.exd4 Qxd4+
22.Qxd4 Bxd4+ 23.Kg2 {#r} 1-0

[Event "Oberliga East B 2002/03"]
[Site "masterchessopen.com Germany"]
[Date "2003.02.23"]
[Round "8"]
[White "Lange Klaus (GER)"]
[Black "Reisch Stefan (GER)"]
[Result "0-1"]
[WhiteElo "2199"]
[BlackElo "2211"]

1.Nf3 g6 2.d4 Bg7 3.g3 Nf6 4.Bg2 O-O 5.O-O d5 6.c4 dxc4 7.Ne5 c5 8.dxc5 Qc7
9.Nxc4 Qxc5 10.Nbd2 Nc6 11.b3 Bg4 12.h3 Qh5 13.Nf3 Bxh3 14.Bb2 Rfd8 15.Qe1
Rac8 16.Rd1 Rxd1 17.Qxd1 Rd8 18.Qa1 Bxg2 19.Kxg2 Qd5 20.Ne3 Qe4 21.Rd1 Rxd1
22.Qxd1 h5 23.Kg1 Ng4 24.Nxg4 hxg4 25.Bxg7 Kxg7 26.Nd2 Qd4 27.Qc1 Qe5 28.e3
Qd5 29.Nc4 b5 30.Qc3+ f6 31.Nd2 Ne5 32.a4 Qxd2 {#R} 0-1

[Event "Cup Mediteran"]
[Site "masterchessopen.com Rijeka (Croatia)"]
[Date "2003.09.05"]
[Round "9"]
[White "Bosiocic Marin (CRO)"]
[Black "Milu Romeo Sorin (ROM)"]
[Result "0-1"]
[WhiteElo "2313"]
[BlackElo "2427"]

1.Nf3 Nf6 2.g3 g6 3.Bg2 Bg7 4.O-O O-O 5.d4 d5 6.c4 dxc4 7.Na3 Nc6 8.Nxc4 Be6
9.b3 Bd5 10.Bb2 a5 11.a4 Nb4 12.e3 c6 13.Nfe5 Bxg2 14.Kxg2 b5 15.Na3 Nd7
16.Nd3 Nxd3 17.Qxd3 Nc5 18.Qc2 Qd5+ 19.Kg1 Nxb3 20.Rad1 bxa4 21.Nc4 Qb5 22.Ba3
Rfe8 23.Rd3 Rac8 24.Rdd1 Rc7 25.Rb1 Rd8 26.Rfd1 h5 27.h4 Rcd7 28.Nb2 e5
29.dxe5 Rd2 30.Rxd2 Rxd2 31.Qe4 Qe2 32.Rf1 Rxb2 33.Bxb2 Qxf1+ {#R} 0-1

[Event "Bundesliga (2nd) 2003/04 (w)"]
[Site "masterchessopen.com Germany"]
[Date "2003.10.26"]
[Round "2"]
[White "Winnicki Alice (GER)"]
[Black "Jaracz Barbara (POL)"]
[Result "0-1"]
[WhiteElo "2092"]
[BlackElo "2293"]

1.d4 Nf6 2.g3 g6 3.Nf3 Bg7 4.Bg2 d5 5.O-O O-O 6.c4 dxc4 7.Nbd2 b5 8.a4 c6
9.Qc2 Na6 10.e4 Nb4 11.Qc3 a5 12.b3 cxb3 13.Qxb3 c5 14.axb5 cxd4 15.Bb2 d3
16.Bc3 Be6 17.Qb2 Ne8 18.Bxg7 Nxg7 19.Nd4 Qb6 20.Rfc1 Rfc8 21.e5 Rab8 22.Nc6
Nxc6 23.Bxc6 Rxc6 24.Rxc6 Qxc6 25.bxc6 Rxb2 26.Rxa5 Rxd2 27.Ra8+ Ne8 28.Rxe8+
Kg7 {#R} 0-1

[Event "Tournament (KO-system)"]
[Site "masterchessopen.com Spain"]
[Round "0"]
[White "Ramiro Ovejero Juan Luis (ESP)"]
[Black "Garza Marco Sergio (ESP)"]
[Result "1-0"]
[WhiteElo "2278"]
[BlackElo "2372"]

1.Nf3 g6 2.g3 Bg7 3.d4 Nf6 4.Bg2 O-O 5.O-O d5 6.c4 dxc4 7.Ne5 Ne8 8.Na3 c5
9.Naxc4 cxd4 10.Qb3 Na6 11.Rd1 Nc5 12.Qa3 Qc7 13.Nc6 bxc6 14.Qxc5 e5 15.Bd2
Bg4 16.Ba5 Qc8 17.Nxe5 Qf5 18.Nd3 Qxc5 19.Nxc5 Bxe2 20.Rd2 Bg4 21.h3 Bc8
22.Bxc6 Rb8 23.Re1 Bxh3 24.Bd7 Bxd7 25.Nxd7 Nd6 26.Nxb8 Rxb8 27.Bc7 Rb6
28.Bxb6 axb6 29.Re7 Bf6 30.Rd7 Nc4 31.R2xd4 Nxb2 32.R4d6 {#r} 1-0

[Event "Ch Finland (team) 2003/04"]
[Site "masterchessopen.com Finland"]
[Date "2003.11.16"]
[Round "5"]
[White "Ristoja Thomas W (FIN)"]
[Black "Suominen Antti (FIN)"]
[Result "1-0"]
[WhiteElo "2230"]
[BlackElo "2002"]

1.Nf3 Nf6 2.d4 g6 3.g3 Bg7 4.Bg2 O-O 5.O-O d5 6.c4 dxc4 7.Na3 Be6 8.Ng5 Bd5
9.e4 h6 10.exd5 hxg5 11.Bxg5 Nxd5 12.Nxc4 c6 13.Re1 Na6 14.Qb3 Nac7 15.Qxb7
Rb8 16.Qxc6 Nb4 17.Qe4 Ne6 18.Be3 Nxd4 19.Rad1 Nbc2 20.Rf1 f5 21.Qd3 Nb4
22.Qd2 Qc7 23.Bxd4 Qxc4 24.Bxg7 Kxg7 25.b3 Qc5 26.a3 Na6 27.b4 Qb6 28.Rfe1
Rfe8 29.Qd7 Kf6 30.Rxe7 Rxe7 31.Rd6+ Qxd6 32.Qxd6+ Re6 33.Qd4+ Ke7 34.Qxa7+
Kf8 35.Bf1 {#r} 1-0

[Event "It (open)"]
[Site "masterchessopen.com Santa Cruz de Tenerife (Spain)"]
[Round "2"]
[White "Villavicencio Adalberto (ESP)"]
[Black "Alonso Contreras Mario (ESP)"]
[Result "1-0"]
[WhiteElo "2346"]
[BlackElo "2003"]

1.d4 Nf6 2.Nf3 g6 3.g3 Bg7 4.Bg2 O-O 5.O-O d5 6.c4 dxc4 7.Na3 c3 8.bxc3 c5
9.e3 Nd5 10.Bb2 Qa5 11.Nc4 Qb5 12.Nfd2 Nb6 13.Qb3 Qa6 14.Nxb6 axb6 15.a4 Nc6
16.Nc4 Na5 17.Nxa5 Qxa5 18.c4 Rd8 19.Bc3 Qa6 20.a5 Be6 21.d5 Bxc3 22.Qxc3 Bd7
23.axb6 Qxb6 24.Rab1 Qa6 25.Qe5 Qxc4 26.Rxb7 Qa6 27.Rfb1 Qd6 28.Qb2 Rac8
29.Rb6 Qc7 30.h4 h5 31.d6 exd6 32.Rb7 Qa5 33.Ra1 Ba4 34.Bd5 Rf8 35.Qf6 Rc7
36.Qxg6+ {#r} 1-0

[Event "It (open)"]
[Site "masterchessopen.com Bar (Yugoslavia)"]
[Date "2004.02.19"]
[Round "2"]
[White "Abramovic Bosko (SRB)"]
[Black "Mihalj M Miroslav (SRB)"]
[Result "0-1"]
[WhiteElo "2471"]
[BlackElo "2294"]

1.d4 Nf6 2.c4 g6 3.Nf3 Bg7 4.g3 O-O 5.Bg2 d5 6.O-O dxc4 7.Na3 c3 8.bxc3 c5
9.e3 Nc6 10.Qe2 Qa5 11.Bb2 Rd8 12.e4 Bg4 13.d5 Ne5 14.Qe3 Nxf3+ 15.Bxf3 Bxf3
16.Qxf3 c4 17.Rfb1 Nd7 18.Nxc4 Qa6 19.Nd2 Ne5 20.Qe3 Nd3 21.a4 Rac8 22.Ra3 e6
23.Ba1 exd5 24.exd5 Re8 25.Qf3 Ne1 26.Qd1 Qd3 27.Ra2 Qxd5 28.c4 Qg2# 0-1

[Event "Ch Europe"]
[Site "masterchessopen.com Antalya (Turkey)"]
[Date "2004.05.21"]
[Round "6"]
[White "Nikolic Predrag (BIH)"]
[Black "Nedev Trajce (MKD)"]
[Result "1-0"]
[WhiteElo "2676"]
[BlackElo "2528"]

{ Nikolic Predrag (BIH) +10 =12 -6 } 1.d4 { 1 } 1...Nf6 2.Nf3 g6 3.g3 Bg7
4.Bg2 d5 5.O-O O-O 6.c4 dxc4 7.Na3 c3 8.bxc3 c5 9.e3 ( 9.Qb3 cxd4 10.cxd4 Nc6
11.Rd1 Na5 12.Qb4 b6 13.Ne5 Bb7 14.Bxb7 Nxb7 15.Bb2 e6 16.Rac1 Na5 17.Nac4 Nd5
18.Qd2 Nxc4 19.Rxc4 b5 20.Rc5 a6 21.a4 Nb6 22.axb5 Bxe5 23.dxe5 Qxd2 24.Rxd2
Na4 25.Rc6 axb5 26.Ba3 Rfc8 27.Rdc2 Rxc6 28.Rxc6 Nb6 { ...1/2-1/2, Nikolic
Predrag 2648 - Ftacnik Lubomir 2582 , Germany 27. 3.2004 Bundesliga 2003/04 }
) 9...Nc6 10.Qe2 Nd5 11.Bb2 Nb6 { = } 12.Rab1 { } ( 12.Rad1 Na4 13.Ba1 Qa5
14.Nc4 Qa6 15.Rfe1 cxd4 16.exd4 e6 17.Rb1 Ne7 18.Bf1 Bd7 19.Qc2 b5 20.Nfe5 Be8
21.Na3 Rb8 22.c4 b4 23.Nb5 Qa5 24.Nd6 Bc6 25.Bh3 Qc7 26.Ndxf7 Rxf7 27.Nxf7
Kxf7 28.Bxe6+ Kf8 29.d5 Bxa1 30.Rxa1 { 1-0, Granda Zuniga Julio E 2565 -
Fernandez Garcia Jose Luis 2470 , Oviedo 1992 It (active) } ) 12...Bf5 { N } (
12...Qd5 13.c4 Qh5 14.d5 Ne5 15.e4 Bg4 16.Bxe5 Bxe5 17.h3 Bxf3 18.Qxf3 Qxf3
19.Bxf3 Rab8 20.Bd1 f5 21.exf5 Rxf5 22.f4 Bd4+ 23.Kg2 Rff8 24.h4 h6 25.Bb3 Nc8
26.Nb5 Bf6 27.Nc7 Nd6 28.Ne6 Rfc8 29.a4 a6 30.Ba2 b5 31.axb5 axb5 32.cxb5 {
...1-0, Abramovic Bosko 2523 - Nestorovic Dejan 2428 , Herceg Novi 2001 Cup
Yugoslavia (team) } ) 13.e4 Bg4 14.d5 Ne5 15.c4 e6 16.Rfc1 Rc8 17.Qe3 Bxf3
18.Bxf3 Re8 19.Bg2 exd5 20.cxd5 c4 21.Qd2 Nd3 22.Bxg7 Kxg7 { ? } ( { ? }
22...Nxc1 23.Bd4 Nd3 24.Nxc4 Nxc4 { } ) 23.Rc2 Nc5 24.Nxc4 Nxe4 25.Bxe4 Rxe4
26.Nxb6 axb6 27.Rxc8 Qxc8 28.d6 Qd7 29.Rc1 Re6 30.Qd4+ Kh6 31.Rd1 b5 32.h4 f6
33.Qd5 Kg7 34.Qxe6 { } {#r} 1-0

[Event "Ch Bosnia & Herzegovina (team)"]
[Site "masterchessopen.com Neum (Bosnia & Herzegovina)"]
[Date "2004.06.06"]
[Round "9"]
[White "Batinic Predrag (BIH)"]
[Black "Predojevic Borki (BIH)"]
[Result "0-1"]
[WhiteElo "2220"]
[BlackElo "2509"]

1.Nf3 Nf6 2.g3 g6 3.Bg2 Bg7 4.O-O d5 5.d4 O-O 6.c4 dxc4 7.Qc2 Nc6 8.Qxc4 Nd7
9.Rd1 Nb6 10.Qc5 Qd6 11.Qxd6 cxd6 12.Nc3 Bg4 13.Bg5 h6 14.d5 Bxf3 15.Bxf3 Nxd5
16.Rxd5 hxg5 17.Rb5 Rab8 18.e3 a6 19.Rb6 Ne5 20.Be2 Rfc8 21.Rd1 Nd7 22.Rb4
Bxc3 23.bxc3 Rxc3 24.Rdb1 Rc2 25.Bxa6 bxa6 26.Rxb8+ Nxb8 27.Rxb8+ Kg7 28.a3
Rc3 29.a4 Rc4 30.a5 Rc5 {#R} 0-1

[Event "It (open) \"]
[Site "masterchessopen.com Pardubice (Czech Republic)"]
[Round "4"]
[White "Faibisovich Vadim Z (RUS)"]
[Black "Zakhartsov Viacheslav V (RUS)"]
[Result "0-1"]
[WhiteElo "2432"]
[BlackElo "2538"]

1.c4 Nf6 2.Nf3 g6 3.g3 Bg7 4.Bg2 O-O 5.O-O d5 6.d4 dxc4 7.Na3 c3 8.bxc3 c5
9.e3 Nc6 10.Qe2 Bf5 11.Bb2 Qb6 12.Nc4 Qa6 13.Rfe1 Rac8 14.Nce5 Qxe2 15.Rxe2
Na5 16.Nd2 Ng4 17.Nb3 Nxe5 18.dxe5 Nc4 19.Bxb7 Bd3 20.Bxc8 Rxc8 21.Rae1 Nxe5
22.f4 Nc4 23.Ba1 Bxe2 24.Rxe2 a5 25.Kf2 a4 26.Nd2 Nxd2 27.Rxd2 a3 28.e4 Rb8
29.Rd1 c4 30.e5 f6 31.exf6 Bxf6 32.Ke3 Kf7 33.Ke4 Ke6 34.g4 Rb5 35.h3 h6 {#R}
0-1

[Event "Ch Poland (team) (2nd liga)"]
[Site "masterchessopen.com Polanica Zdroj (Poland)"]
[Date "2004.09.04"]
[Round "1"]
[White "Chojnacki Slawomir (POL)"]
[Black "Kos Pawel (POL)"]
[Result "1-0"]
[WhiteElo "2234"]
[BlackElo "2249"]

1.d4 Nf6 2.g3 g6 3.Bg2 d5 4.Nf3 Bg7 5.O-O O-O 6.c4 dxc4 7.Ne5 Nc6 8.Nxc6 bxc6
9.Bxc6 Bh3 10.Re1 Rb8 11.Nc3 Qd6 12.Bf3 Rfd8 13.Bf4 Qd7 14.Qc2 Bg4 15.Bxg4
Nxg4 16.Rad1 Qc6 17.h3 Nf6 18.e4 h5 19.d5 Qb7 20.Na4 Qc8 21.Kh2 h4 22.Qxc4
hxg3+ 23.Bxg3 Nh5 24.b3 Nxg3 25.fxg3 Be5 26.Kg2 Rd6 27.Nc5 c6 28.Nd3 Bg7
29.Nf4 Be5 30.Rc1 Bxf4 31.gxf4 Qe8 {#r} 1-0

[Event "It (open)"]
[Site "masterchessopen.com Lucknow (India)"]
[Date "2004.10.08"]
[Round "8"]
[White "Lodhi Mahmood (PAK)"]
[Black "Sai Srinivas (IND)"]
[Result "0-1"]
[WhiteElo "2385"]
[BlackElo "2237"]

1.d4 Nf6 2.Nf3 g6 3.g3 Bg7 4.Bg2 O-O 5.O-O d5 6.c4 dxc4 7.Na3 Nc6 8.Nxc4 Be6
9.b3 a5 10.a4 Bd5 11.Bb2 Qc8 12.e3 h6 13.Qe2 Qe6 14.Rac1 Rfd8 15.Rfe1 Ne4
16.Ba3 Rab8 17.Qc2 Ng5 18.Nxg5 hxg5 19.Red1 Bxg2 20.Kxg2 g4 21.Nd2 Qd5+ 22.Qe4
e5 23.dxe5 Qxe4+ 24.Nxe4 Bxe5 25.Rxd8+ Rxd8 26.Nc5 Rb8 27.Nd7 Re8 28.Rxc6 bxc6
{#R} 0-1

[Event "It (open) (b)"]
[Site "masterchessopen.com Calvia (Spain)"]
[Date "2004.10.24"]
[Round "4"]
[White "Barral Rubirosa Cristobal (ESP)"]
[Black "Hidalgo Maireles Juan Carlos (ESP)"]
[Result "1-0"]
[WhiteElo "1969"]
[BlackElo "1835"]

1.d4 Nf6 2.Nf3 d5 3.c4 g6 4.g3 Bg7 5.Bg2 O-O 6.O-O dxc4 7.Na3 Be6 8.Ng5 Bc8
9.Nxc4 Nbd7 10.Bf4 h6 11.Nf3 Nh5 12.Be3 Nhf6 13.Rc1 Ne8 14.Qd2 Kh7 15.Rfd1 Nd6
16.Qc2 Nxc4 17.Qxc4 c6 18.d5 Nb6 19.Bxb6 Qxb6 20.dxc6 Be6 21.Qc2 Rac8 22.Qe4
Bxb2 23.Rb1 Bf5 24.Qxe7 bxc6 25.e4 Bg4 26.Qh4 Bxf3 27.Bxf3 Rb8 28.Rd2 Qc5
29.Rbd1 Qg5 30.Qxg5 hxg5 31.Rd7 c5 32.R1d5 Bd4 33.Rxa7 Rb2 34.Bg4 Rxf2 35.Rxd4
{#r} 1-0

[Event "It (open)"]
[Site "masterchessopen.com Sauzal (Spain)"]
[Date "2004.11.06"]
[Round "4"]
[White "Movsziszian Karen (ARM)"]
[Black "Garcia Rodriguez Dario (ESP)"]
[Result "1-0"]
[WhiteElo "2512"]
[BlackElo "2156"]

1.Nf3 Nf6 2.g3 g6 3.Bg2 Bg7 4.d4 d5 5.O-O O-O 6.c4 dxc4 7.Na3 c3 8.bxc3 c5
9.e3 Nc6 10.Qe2 Nd5 11.Bb2 cxd4 12.cxd4 Bg4 13.h3 Bd7 14.e4 Nc7 15.d5 Bxb2
16.Qxb2 Na5 17.Rfd1 Na6 18.h4 b6 19.h5 Nc5 20.h6 f6 21.Nd4 Ba4 22.Rd2 Qd7
23.Re1 Qg4 24.Qb4 Bd7 25.Nc4 Nxc4 26.Qxc4 Qg5 27.d6+ e6 28.Red1 Rac8 29.Qc1
{#r} 1-0

[Event "Ch Romania (knockout system)"]
[Site "masterchessopen.com Brasov (Romania)"]
[Date "2004.11.30"]
[Round "5"]
[White "Danilov Ilie Vladimir (ROM)"]
[Black "Nevednichy Vladislav (ROM)"]
[Result "0-1"]
[WhiteElo "2348"]
[BlackElo "2552"]

1.d4 Nf6 2.c4 g6 3.Nf3 Bg7 4.g3 O-O 5.Bg2 d5 6.O-O dxc4 7.Na3 c3 8.bxc3 c5
9.e3 Nc6 10.Bb2 Bf5 11.Ne5 Nxe5 12.dxe5 Ng4 13.Qb3 Nxe5 14.Rad1 Qb6 15.Ba1 Bd3
16.Rfe1 c4 17.Qb4 Nc6 18.Qb5 Qxb5 19.Nxb5 a6 20.Nc7 Rac8 21.Nd5 Rfd8 22.Nb6
Rc7 23.Rd2 Rd6 24.Red1 Ne5 25.Nd5 Rcd7 26.f4 Ng4 27.Bh3 Rxd5 28.Bxg4 f5 29.Be2
b5 30.Bxd3 Rxd3 31.Rxd3 Rxd3 {#R} 0-1

[Event "Ch Russia (w) (1 liga)"]
[Site "masterchessopen.com Kolontaevo (Russia)"]
[Round "7"]
[White "Chistiakova Tamara (RUS)"]
[Black "Kuzevanova Evgenia (RUS)"]
[Result "1-0"]
[WhiteElo "2321"]
[BlackElo "2151"]

1.Nf3 Nf6 2.c4 g6 3.g3 Bg7 4.Bg2 O-O 5.O-O d5 6.d4 dxc4 7.Na3 Nc6 8.Nxc4 Be6
9.b3 Bd5 10.Bb2 a5 11.a4 Nb4 12.Nfe5 Bxg2 13.Kxg2 Nd7 14.Nd3 Nxd3 15.Qxd3 c6
16.Bc3 Qc7 17.f4 Rfd8 18.e4 e5 19.fxe5 Nxe5 20.Nxe5 Bxe5 21.Qc4 Bg7 22.Rf3 Rf8
23.Raf1 Rae8 24.e5 Rd8 25.e6 Rd5 26.Rxf7 Rxf7 27.Rxf7 Qc8 28.Rd7 {#r} 1-0

[Event "It \"]
[Site "masterchessopen.com Werther (Germany)"]
[Date "2005.03.20"]
[Round "4"]
[White "Deckert Frank (GER)"]
[Black "Dirks Martin (GER)"]
[Result "0-1"]
[WhiteElo "1860"]
[BlackElo "2092"]

1.c4 Nf6 2.Nf3 g6 3.g3 Bg7 4.Bg2 d5 5.d4 O-O 6.O-O dxc4 7.Ne5 Nbd7 8.Nxc4 c5
9.dxc5 Nxc5 10.Nc3 Be6 11.Ne3 Qa5 12.Bd2 Rfd8 13.Ncd5 Qa4 14.b3 Qd7 15.Ba5
Nxd5 16.Bxd8 Bxa1 17.Bxe7 Nxe7 18.Qxd7 Bxd7 19.Rxa1 Bc6 20.Rc1 Bxg2 21.Kxg2
Ne6 {#R} 0-1

[Event "Ch Russia (juniors) (under 18)"]
[Site "masterchessopen.com Dagomys (Russia)"]
[Date "2005.04.08"]
[Round "3"]
[White "Kiselev Artiom (RUS)"]
[Black "Demin Vladimir (RUS)"]
[Result "1-0"]
[WhiteElo "2288"]
[BlackElo "2356"]

1.d4 Nf6 2.Nf3 g6 3.g3 Bg7 4.Bg2 O-O 5.O-O d5 6.c4 dxc4 7.Na3 Nc6 8.Nxc4 Be6
9.b3 a5 10.Bb2 Bd5 11.Ne3 Be4 12.Qd2 a4 13.Rfd1 e6 14.Ne5 Bxg2 15.Kxg2 Nxe5
16.dxe5 Qxd2 17.Rxd2 Ne4 18.Rc2 a3 19.Bd4 c5 20.Bxc5 Bxe5 21.Bxf8 Bxa1 22.Bb4
Bd4 23.Rc7 b6 24.Ng4 Bg7 25.Rc6 h5 26.Ne3 Bd4 27.Nc2 Bc5 28.Be1 Rb8 29.f3 Nf6
30.b4 Bf8 31.e4 Nd7 32.Bc3 Rb7 33.Kf2 b5 34.Bd4 e5 35.Bc3 f6 36.Ne3 {#r} 1-0

[Event "Ch Slovakia (open)"]
[Site "masterchessopen.com Trencianske Teplice (Slovakia)"]
[Round "3"]
[White "Certek Pavel (SVK)"]
[Black "Antol Ladislav (SVK)"]
[Result "0-1"]
[WhiteElo "2223"]
[BlackElo "2046"]

1.d4 Nf6 2.Nf3 g6 3.g3 Bg7 4.Bg2 O-O 5.O-O d5 6.c4 dxc4 7.Na3 c3 8.bxc3 c5
9.Nc4 Nc6 10.Nfe5 Be6 11.Nxc6 bxc6 12.Ne5 Bd5 13.Nxc6 Qd6 14.Ne5 Bxg2 15.Kxg2
Nd5 16.Bd2 Bxe5 17.dxe5 Qxe5 18.Qc2 Qxe2 19.Rae1 Ne3+ 20.Kg1 Qxf1+ 21.Rxf1
Nxc2 {#R} 0-1

[Event "It (open)"]
[Site "masterchessopen.com Ortigueira (Spain)"]
[Date "2005.08.18"]
[Round "7"]
[White "Barcia Mon Ceferino (ESP)"]
[Black "Amen Miguel (POR)"]
[Result "1-0"]
[WhiteElo "1987"]
[BlackElo "1920"]

1.Nf3 Nf6 2.g3 g6 3.Bg2 d5 4.O-O Bg7 5.d4 O-O 6.c4 dxc4 7.Qa4 Be6 8.Ng5 Bd5
9.e4 h6 10.exd5 hxg5 11.Bxg5 Nxd5 12.Qxc4 c6 13.Nc3 Nb6 14.Qe2 Bf6 15.Bxf6
exf6 16.d5 cxd5 17.Rad1 Nc6 18.Bxd5 Nxd5 19.Nxd5 Re8 20.Qxe8+ Qxe8 21.Nxf6+
Kg7 22.Nxe8+ Rxe8 {#r} 1-0

[Event "Ch Chess Club"]
[Site "masterchessopen.com Brasilia (Brazil)"]
[Date "2005.09.10"]
[Round "10"]
[White "Silveira Filho Neri Da Silva (BRA)"]
[Black "Matsuura Everaldo (BRA)"]
[Result "0-1"]
[WhiteElo "2239"]
[BlackElo "2453"]

1.g3 d5 2.Bg2 Nf6 3.Nf3 g6 4.O-O Bg7 5.d4 O-O 6.c4 dxc4 7.Na3 c3 8.bxc3 c5
9.Ne5 Nc6 10.Nxc6 bxc6 11.Qa4 Bd7 12.Bd2 cxd4 13.cxd4 c5 14.Qa5 cxd4 15.Rad1
Bg4 16.Rfe1 d3 17.exd3 Bxd1 18.Bxa8 Qxa8 19.Rxd1 Ng4 20.Re1 Bd4 21.Be3 Bxe3
22.fxe3 Qf3 23.Qd2 Rd8 24.Re2 Ne5 25.d4 Qd5 26.Qb2 Nf3+ 27.Kf1 Ng5 28.Rg2 Qf3+
29.Rf2 Qh1+ 30.Ke2 Ne4 31.Kd3 Nxf2+ 32.Qxf2 Qd1+ 33.Ke4 f5+ 34.Ke5 Qd3 {#R}
0-1

[Event "Memorial N. Mukhametzianov"]
[Site "masterchessopen.com Naberezhnye Chelny (Russia)"]
[Date "2005.10.22"]
[Round "0"]
[White "Nagimov Artiom (RUS)"]
[Black "Mingachev Mansur (RUS)"]
[Result "0-1"]
[WhiteElo "2313"]
[BlackElo "2348"]

1.d4 Nf6 2.Nf3 g6 3.c4 d5 4.g3 Bg7 5.Bg2 O-O 6.O-O dxc4 7.Na3 c3 8.bxc3 c5
9.e3 Nc6 10.Qe2 Bf5 11.Bb2 Qb6 12.Rfd1 Rfd8 13.Nc4 Qa6 14.Kf1 Be4 15.Ne1 cxd4
16.cxd4 Rac8 17.Bxe4 Nxe4 18.f3 Nb4 19.fxe4 Rxc4 20.Rd2 Rdc8 21.a3 Nc6 22.Nd3
Na5 23.Qd1 Qc6 24.Nf2 Qb5 25.a4 Rxa4+ 26.Kg2 Rb4 27.Ba3 Rb3 28.Bxe7 Nc4 29.Rd3
Nxe3+ 30.Rxe3 Rxe3 31.d5 Re2 32.Rb1 Qc4 33.Kf3 Rxf2+ 34.Kxf2 Qxe4 {#R} 0-1

[Event "It (open) \"]
[Site "masterchessopen.com Obrenovac (Yugoslavia)"]
[Round "6"]
[White "Pavlovic Dragoljub (SRB)"]
[Black "Sarenac Ivan (SRB)"]
[Result "1-0"]
[WhiteElo "2242"]
[BlackElo "2115"]

1.d4 Nf6 2.c4 g6 3.g3 Bg7 4.Bg2 d5 5.Nf3 O-O 6.O-O dxc4 7.Na3 Nc6 8.Nxc4 Be6
9.b3 Bd5 10.Bb2 a5 11.Rc1 a4 12.bxa4 Ra6 13.Nfe5 Bxg2 14.Kxg2 Qa8 15.Kg1 Rxa4
16.a3 h5 17.Qb3 e6 18.Rc2 Ne7 19.Rfc1 Ned5 20.Nd3 b6 21.Nce5 Bh6 22.Rf1 Ne4
23.Nf3 h4 24.Nde5 hxg3 25.hxg3 c5 26.Qd3 Ndf6 27.Nc4 Qa6 28.Nce5 Qb7 29.Qb5
Ra5 30.Qc6 Rb8 31.Rb1 Qe7 32.e3 cxd4 33.Bxd4 {#r} 1-0

[Event "It (open)"]
[Site "masterchessopen.com Zadar (Croatia)"]
[Date "2005.12.14"]
[Round "4"]
[White "Krstic Uros (CRO)"]
[Black "Brulic Denis (CRO)"]
[Result "1-0"]
[WhiteElo "2350"]
[BlackElo "2247"]

1.g3 Nf6 2.Bg2 g6 3.d4 d5 4.Nf3 Bg7 5.O-O O-O 6.c4 dxc4 7.Na3 c3 8.bxc3 Nc6
9.Re1 Ne4 10.Bb2 Bd7 11.Qc2 Nd6 12.c4 Re8 13.Rad1 f6 14.c5 Nf7 15.d5 Nb4
16.Qb3 a5 17.Nd4 Qc8 18.Nc4 Na6 19.Ba3 Ra7 20.Rc1 e6 21.Nb6 {#r} 1-0